Orthopaedic examination, evaluation & intervention : A pocket handbook
The perfect companion to Dutton’s Orthopaedic Examination, Evaluation and Intervention. Also serves as a handy pocket reference for any physical therapist needing a ready source of information at the point of care.
Gorde:
| Egile nagusia: | |
|---|---|
| Formatua: | Liburua |
| Hizkuntza: | Undetermined |
| Argitaratua: |
New York
McGraw-Hill
2005
|
| Gaiak: | |
| Etiketak: |
Etiketa erantsi
Etiketarik gabe, Izan zaitez lehena erregistro honi etiketa jartzen!
|
| Thư viện lưu trữ: | Trung tâm Học liệu Trường Đại học Cần Thơ |
|---|
| LEADER | 00778nam a2200205Ia 4500 | ||
|---|---|---|---|
| 001 | CTU_140348 | ||
| 008 | 210402s9999 xx 000 0 und d | ||
| 082 | |a 616.7 | ||
| 082 | |b D981 | ||
| 100 | |a Dutton, Mark | ||
| 245 | 0 | |a Orthopaedic examination, evaluation & intervention : | |
| 245 | 2 | |b A pocket handbook | |
| 245 | 0 | |c Mark Dutton | |
| 260 | |a New York | ||
| 260 | |b McGraw-Hill | ||
| 260 | |c 2005 | ||
| 520 | |a The perfect companion to Dutton’s Orthopaedic Examination, Evaluation and Intervention. Also serves as a handy pocket reference for any physical therapist needing a ready source of information at the point of care. | ||
| 650 | |a Orthopedics,Thuật chỉnh hình | ||
| 904 | |i Trọng Hải | ||
| 980 | |a Trung tâm Học liệu Trường Đại học Cần Thơ | ||